GROWTH INHIBITION OF YEASTS AND BACTERIA BY CITRININ

Bibliographic Details
Main Authors: Betina, Vladimír, 1930-2006 (Author), Rúčková, Eva (Author)
Format: Article
Language:English

MARC

LEADER 00000nab a2200000uu 4500
001 vtls011442302
003 SK-MaSNL
005 20260303123322.0
008 230213|1971 xo |||||||||||||||||eng|
015 |a SNBRB 
035 |a (urnnbn)urn:nbn:sk:snk:ar-003234 
035 |a (uuid)47092087-09c8-47d0-a3d7-728ff3c04598 
035 |a urn:nbn:sk:snk-abcgcl 
040 |a SNKBUCL  |b slo  |c SNKBUCL  |e AACR2 
041 0 |a eng 
044 |a xo  |c SK 
100 1 |a Betina, Vladimír,  |d 1930-2006  |4 aut  |9 163330 
245 1 0 |a GROWTH INHIBITION OF YEASTS AND BACTERIA BY CITRININ  |c Vladimír Betina, Eva Rúčková 
700 1 |a Rúčková, Eva  |4 aut  |9 787954 
773 0 |t Biológia : časopis Slovenskej akadémie vied  |g Roč. 26, č. 6 (1971), s. 463-468 
954 |a odborná, vedecká literatúra pôvodná (slovenská)  |2 lita 
958 |a OND 
958 |a EUIPO 
958 |a article16 
999 |c 1925159  |d 1927089